00817 a2200253 4500502002400000260001500024653001400039100003100053041000700084260003100091300001100122245015200133650001200285650002300297650001900320260002100339300002900360130000700389040001400396041000700410653003900417100008900456020001800545 aThèse de Doctorat aWageningen1 aAgronomie aMUKABANA, Wolfgang Richard bEn bUniversité de Wageningen a142 P. aDifferential attractiveness of humas to the African malaria vector anopheles gambiae Giles : effects of host characteristics and parasite infection aMALARIA aPARASITE INFECTION aMALARIA VECTOR c02 d2CEMBRE 2002 bIll., Couv. ill. ; 24 cm lEn aSupport  bEn 1aNutrition et Sciences Alimentaires uAbomey-Calavi, Université d'Abomey-Calavi, Faculté des Sciences Agronomiques, Bj a90-5808-754-9